000 00936nas a2200289 4500
001 BR8205250
003 BR-BrBNA
005 20231205085246.0
007 ta
008 230509b bl.|||p| |||| 00| 00por d
040 _aBR-BrBNA
_bpor
_cBiblioteca Nacional de Agricultura
041 _a(Pt)
072 _aF25
100 1 _aColeti, J.T.
100 1 _aLorenzetti, J.M.
100 1 _aFreitas, P.G.R. de
100 1 _aGasparini, C.T.
111 1 _a2. Congresso Nacional da Sociedade dos Tecnicos Acucareiros do Brasil
_cRio de Janeiro, RJ (Brazil)
_d16-21 Aug 1981
245 1 _aCompostagem obtida com residuos da fabricacao de acucar e alcool
650 _aCANA DE ACUCAR
650 _aCOMPOSTO ORGANICO
650 _aRESIDUO INDUSTRIAL
650 _aADUBACAO
773 0 _tSaccharum (Brazil)
_xISSN 0100-6223
_g(Mar 1982), v. 5(19) p. 36-40
_wBR8205250
909 _a202311
_bLúcia
_c55
_dLúcia Elande
942 _2AGRIS
_n0
_cANA
999 _c110305
_d110305